[Event "Dortmund op"]
[Site "Dortmund"]
[Date "1988.??.??"]
[Round "?"]
[White "Marangunic, Srdjan"]
[Black "Karaklajic, Nikola"]
[Result "1-0"]
[WhiteElo "2440"]
[BlackElo "2405"]

1.Nf3 d5 2.g3 c6 3.Bg2 Nf6 4.O-O Bf5 5.b3 e6 6.Bb2 h6 7.d3 Be7 8.Nbd2 O-O
9.c4 a5 10.a3 Na6 11.Ne5 Nd7 12.Nxd7 Qxd7 13.Qc2 Bh7 14.Nf3 Qd8 15.Bc3 Nc5
16.b4 Nd7 17.Qb2 Bf6 18.Rfc1 Bxc3 19.Qxc3 Qf6 20.Qxf6 Nxf6 21.c5 Rfc8 22.Ne5 Rc7
23.b5 cxb5 24.Rab1 b4 25.axb4 axb4 26.Rxb4 Kf8 27.f4 Nd7 28.Nxd7+ Rxd7 29.Rc3 Ra5
30.d4 g5 31.Rcb3 Ra7 32.Bh3 Bc2 33.Rb2 Be4 34.Kf2 Ke7 35.Bg4 Kd8 36.h4 gxh4
37.gxh4 Kc7 38.Bh5 Re7 39.R2b3 Bf5 40.Rg3 f6 41.Bg6 Bxg6 42.Rxg6 e5 43.Rxf6 exd4
44.Rxd4 Ra2 45.Rxd5 Rexe2+ 46.Kf3 Rf2+ 47.Kg4 Ra5 48.Rdf5 Ra1 49.Kh5 Rh1
50.Rxh6 Rg2 51.Rf7+ Kb8 52.c6 Rg8 53.Rxb7+ Ka8 54.Rc7 Rd1 55.Rd7 Rc1 56.f5 Rf1
57.Rf7 Rc1 58.Rfh7 Rc5 59.Rf6 Kb8 60.Kh6 Kc8 61.h5 Rc1 62.Re6 Kd8 63.f6  1-0

[Event "Edinburgh op"]
[Site "Edinburgh"]
[Date "1988.??.??"]
[Round "3"]
[White "Hartoch, Robert G"]
[Black "Ballon, Guenther Jan"]
[Result "1/2-1/2"]
[WhiteElo "2370"]
[BlackElo "2325"]

1.Nf3 d5 2.g3 c6 3.Bg2 Bg4 4.d3 Nd7 5.Nbd2 Ngf6 6.O-O e6 7.e4 Ne5 8.Qe1 Nxf3+
9.Nxf3 Be7 10.Ne5 Bh5 11.f4 Nd7 12.exd5 cxd5 13.Nxd7 Qxd7 14.Qe5 Bg6 15.Qxg7 O-O-O
16.Be3 f6 17.Kh1 h5 18.Qxg6 Rdg8 19.Qf7 Rf8 20.Qg6 Rfg8 21.Qf7 Rf8 22.Qg6  1/2-1/2

[Event "Forli op"]
[Site "Forli"]
[Date "1988.??.??"]
[Round "?"]
[White "Garcia Palermo, Carlos"]
[Black "Meduna, Eduard"]
[Result "1-0"]
[WhiteElo "2455"]
[BlackElo "2505"]

1.Nf3 d5 2.g3 Bg4 3.Bg2 c6 4.O-O Nd7 5.d4 e6 6.b3 f5 7.Ng5 Qf6 8.f3 Bh5 9.g4 h6
10.Nxe6 Qxe6 11.gxh5 Ngf6 12.Qd3 Nxh5 13.e4 O-O-O 14.Nc3 Nhf6 15.exd5 Nxd5
16.Nxd5 Qxd5 17.f4 Qf7 18.Qc3 g6 19.Qa5 a6 20.d5 Bc5+ 21.Kh1 cxd5 22.Bb2 d4
23.Rad1 Qf6 24.c3 Qb6 25.Qxb6 Bxb6 26.cxd4 Rhe8 27.d5 Re2 28.Bg7 Rxa2 29.Rfe1 Nc5
30.h4 Ne4 31.Bxe4 fxe4 32.Rxe4 Rg8 33.Re7 Rc2 34.d6 Bd8 35.Rf7 g5 36.f5  1-0

[Event "Arnold Cup"]
[Site "Gausdal"]
[Date "1988.??.??"]
[Round "?"]
[White "Meduna, Eduard"]
[Black "Westerinen, Heikki MJ"]
[Result "1/2-1/2"]
[WhiteElo "2505"]
[BlackElo "2395"]

1.Nf3 d5 2.g3 Bg4 3.Ne5 Bh5 4.d4 Nd7 5.Nd3 e6 6.Bg2 Ngf6 7.c4 c6 8.O-O Be7
9.Nc3 O-O 10.Nf4 Bg6 11.Nxg6 hxg6 12.e4 dxe4 13.Nxe4 Nxe4 14.Bxe4 Bf6 15.Be3 Qc7
16.Qe2 Nb6 17.Rad1 Rad8 18.b3 Rd7 19.Rd3 Rfd8 20.Rfd1 Nc8 21.g4 Nd6 22.Bg2 Qa5
23.a4 Ne8 24.f4 g5 25.fxg5 Bxg5 26.Bf2 Bf6 27.c5 Nc7 28.Qe4 Nd5 29.h4 g6
30.h5 gxh5 31.gxh5 Re8 32.Rf1 Qd8 33.Bg3 Bg5 34.Qg4 f5 35.Qe2 Nb4 36.Rdd1 Rxd4
37.h6 Kh7 38.Qh5 Be3+ 39.Kh1 Rf8 40.Rde1 Nc2 41.Re2 Rf6 42.Bh2 Rd2 43.Rxd2 Bxd2
44.Rd1 Rxh6 45.Rxd2 Qxd2  1/2-1/2

[Event "Peer Gynt"]
[Site "Gausdal"]
[Date "1988.??.??"]
[Round "?"]
[White "Lauterbach, Ingrid"]
[Black "Dahl, Ingrid"]
[Result "1-0"]
[WhiteElo "2140"]
[BlackElo "2055"]

1.Nf3 d5 2.g3 c6 3.Bg2 f5 4.d4 Nf6 5.Ne5 e6 6.Nd2 Bd6 7.Ndf3 O-O 8.O-O Bd7
9.Bf4 Be8 10.Ng5 Qe7 11.Nd3 Nbd7 12.Bxd6 Qxd6 13.Nf3 Ng4 14.e3 Bh5 15.Qd2 Ngf6
16.Nfe5 Ne4 17.Qe1 Rf6 18.f3 Ng5 19.h4 Nf7 20.Nf4 Rh6 21.g4 fxg4 22.fxg4 Nfxe5
23.dxe5 Nxe5 24.g5 Be2 25.Nxe2 Ng4 26.Nf4  1-0

[Event "BL2-N8788"]
[Site "Germany"]
[Date "1988.??.??"]
[Round "?"]
[White "Schirm, Friedmar"]
[Black "Borik, Otto"]
[Result "1/2-1/2"]
[WhiteElo "2275"]
[BlackElo "2350"]

1.Nf3 d5 2.g3 Nf6 3.Bg2 c5 4.O-O Nc6 5.d4 e6 6.c4 Be7 7.cxd5 exd5 8.Nc3 O-O
9.Bg5 cxd4 10.Nxd4 h6 11.Be3 Re8 12.Qb3 Na5 13.Qc2 Nc4 14.Bf4 g5 15.Bc1 Bg4
16.Nf5 Bf8 17.b3 Nd6 18.Nxd6 Qxd6 19.Bb2 Qe6 20.Rad1 Rad8 21.Nb5 Bg7 22.Nd4 Qa6
23.Rfe1 Rc8 24.Qd3 Qxa2 25.Rd2 Qa5 26.Ra1 Qb6 27.h3 Bh5 28.Nf5 Bg6 29.Qf3 Bxf5
30.Qxf5 Ne4 31.Bxe4 dxe4 32.Rd7 Qxb3 33.Bxg7 Kxg7 34.Rxa7 Rb8 35.h4 Qe6  1/2-1/2

[Event "BL2-N8788"]
[Site "Germany"]
[Date "1988.??.??"]
[Round "?"]
[White "Sander, Johann"]
[Black "Ehrke, Michael"]
[Result "0-1"]
[WhiteElo "2310"]
[BlackElo "2225"]

1.Nf3 d5 2.g3 Nf6 3.Bg2 c6 4.d3 Bf5 5.O-O h6 6.b3 e6 7.c4 Bc5 8.Bb2 O-O 9.Nbd2 Nbd7
10.Re1 Bh7 11.d4 Be7 12.e3 c5 13.Ne5 cxd4 14.exd4 Rc8 15.Rc1 Re8 16.a3 Rc7
17.f4 Nf8 18.Kh1 Ng6 19.Qe2 Bf8 20.Rf1 dxc4 21.bxc4 Qd6 22.Qe3 Qb6 23.Rb1 Ne7
24.Ne4 Nf5 25.Qe2 Nxe4 26.Bxe4 Qa6 27.Rbc1 Nd6 28.Bxh7+ Kxh7 29.Qc2+ Kg8
30.Qb3 b6 31.d5 Ne4 32.Rfe1 exd5 33.cxd5 Rxc1 34.Bxc1 Bc5 35.Kg2 Nd6 36.Be3 f6
37.Bxc5 bxc5 38.Nf3 Rxe1 39.Nxe1 Qe2+ 40.Kh3 Qxe1 41.Qb8+ Ne8 42.Qxa7 g5  0-1

[Event "Bundesliga 8788"]
[Site "Germany"]
[Date "1988.??.??"]
[Round "?"]
[White "Glienke, Manfred"]
[Black "Sonntag, Hans Hubert"]
[Result "1-0"]
[WhiteElo "2300"]
[BlackElo "2375"]

1.Nf3 d5 2.g3 Nf6 3.Bg2 Bf5 4.O-O e6 5.d3 Be7 6.Nbd2 O-O 7.b3 Nbd7 8.Bb2 c6
9.Nh4 Bg4 10.h3 Bh5 11.f4 Ne8 12.Nhf3 f5 13.e4 Bf6 14.Bxf6 Qxf6 15.e5 Qe7
16.d4 Nc7 17.Qe1 Nb5 18.Qe3 Qb4 19.c4 Na3 20.Rfc1 Bxf3 21.Bxf3 Rfd8 22.Be2 c5
23.Nf3 cxd4 24.Qxd4 dxc4 25.Bxc4 Qe7 26.Bf1 Nb6 27.Qc5 Rd7 28.Qxe7 Rxe7 29.Rc5 Nd5
30.Rd1 b6 31.Rcc1 h6 32.Kf2 a6 33.Nd4 Nc7 34.Nc6 Rf7 35.Nd8 Re7 36.Nc6 Rf7
37.Bg2 Raf8 38.Nd8 Re7 39.Nc6 Ref7 40.Bf3 g5 41.Nd8 Re7 42.Rc6 b5 43.Rcc1 b4
44.Nc6 Ref7 45.Nxb4 Nab5 46.Nc6 Ne8 47.a4 Na7 48.Nb8 Nc7 49.Nd7 Rc8 50.Bb7  1-0

[Event "Bundesliga 8788"]
[Site "Germany"]
[Date "1988.??.??"]
[Round "?"]
[White "Lauterbach, Ingrid"]
[Black "Federau, Juergen"]
[Result "0-1"]
[WhiteElo "2145"]
[BlackElo "2230"]

1.Nf3 d5 2.g3 c6 3.Bg2 Bg4 4.h3 Bh5 5.d3 Nd7 6.Nbd2 e5 7.c4 Ngf6 8.cxd5 Nxd5
9.Nc4 Bb4+ 10.Bd2 Bxd2+ 11.Qxd2 Qe7 12.O-O O-O 13.a3 h6 14.Nh4 Qf6 15.b4 a6
16.Nf3 Qe6 17.Qb2 Rfe8 18.Kh2 Qe7 19.Nh4 Qf6 20.Be4 Ne7 21.Nf3 Nd5 22.Nh4 Ne7
23.Nf3 Bg6 24.Nfxe5 Nxe5 25.Qxe5 Qxe5 26.Nxe5 Bxe4 27.dxe4 Nc8 28.Nd3 Rxe4
29.e3 a5 30.Nc5 Re7 31.Rfd1 Nb6 32.Rd4 Nd5 33.e4 Nc3 34.Rc4 axb4 35.Rxb4 b5
36.Rb3 Na4 37.Nxa4 Rxa4 38.Rc3 b4 39.Rxc6 Rxe4 40.Kg2 Re2 41.Rb6 bxa3 42.Rb8+ Kh7
43.Rb3 a2 44.Rb7 Kg6 45.g4 Ra3 46.Rb6+ f6 47.h4 h5 48.g5 Ra4 49.gxf6 gxf6
50.Kf3 Rc2 51.Kg3 Ra3+ 52.Kg2 Ra4 53.Kg3 Rg4+ 54.Kf3 Rxh4 55.Ra6 Rh2 56.Rf1 h4
57.Rg1+ Kh7 58.Ra7+ Kh6 59.Rg2 Rc3+  0-1

[Event "Bundesliga 8788"]
[Site "Germany"]
[Date "1988.??.??"]
[Round "?"]
[White "Nikolac, Juraj"]
[Black "Kiefer, Gerhard"]
[Result "1/2-1/2"]
[WhiteElo "2470"]
[BlackElo "2220"]

1.Nf3 d5 2.g3 c6 3.Bg2 Bg4 4.b3 Nd7 5.Ba3 Ngf6 6.c4 e6 7.Bxf8 Bxf3 8.Bxf3 Nxf8
9.O-O N8d7 10.d4 O-O 11.Nc3 Qa5 12.Rc1 Rad8 13.e3 b5 14.cxb5 cxb5 15.Qd3 a6
16.Rc2 Rc8 17.Rfc1 Rc7 18.Be2 Rfc8 19.a4 bxa4 20.Nxa4 Rxc2 21.Rxc2 Qe1+ 22.Kg2 Rxc2
23.Qxc2 a5 24.Bb5 Nf8 25.Nc5 h5 26.Nd3 Qa1 27.Ne5 Ng4 28.Nf3 g6 29.h3 Nh6
30.Ne5 Qa3 31.Qc7 Nh7 32.Be8 Qf8 33.Ba4 Qb4 34.Qc2 Kg7 35.Be8 Ng5 36.Bxf7 Ngxf7
37.Qxg6+ Kf8 38.Nd7+ Ke7 39.Nc5 e5 40.Qe6+ Kf8 41.Nd7+ Kg7 42.Qf6+ Kh7 43.Nc5 Qb8
44.Ne6 Qh8 45.Qe7 exd4 46.Nxd4 Qg7 47.Ne6 Qe5 48.Kh2 Qf5 49.Nf4 Qc2 50.Kg2 Qxb3
51.Nxh5 Qd3 52.Nf6+ Kg7 53.g4 a4 54.Nh5+ Kh7 55.Nf6+ Kg7 56.Qe6 d4 57.Nh5+ Kh7
58.Nf4 Qb1 59.e4 Kg7 60.Qg6+ Kf8 61.g5 Ng8 62.Ne6+ Ke7 63.Nxd4 Kf8 64.Ne6+ Ke7
65.Nc7 Kf8 66.Ne6+ Ke7 67.Nc5 Qc1 68.Qxg8 Qxc5 69.h4 Qe5 70.Qa8 Nxg5 71.hxg5 Qxg5+
72.Kf3 Qb5 73.Kf4 Qb3 74.Qa7+ Ke8 75.Ke5 Qb5+ 76.Kf4  1/2-1/2

[Event "Bundesliga 8788"]
[Site "Germany"]
[Date "1988.??.??"]
[Round "?"]
[White "Nikolac, Juraj"]
[Black "Thesing, Matthias"]
[Result "1-0"]
[WhiteElo "2500"]
[BlackElo "2360"]

1.Nf3 d5 2.g3 Nf6 3.Bg2 Bf5 4.d3 e6 5.O-O Be7 6.Nbd2 h6 7.b3 O-O 8.Bb2 Bh7
9.c4 c6 10.Qc2 a5 11.Bc3 Nbd7 12.Qb2 Qb6 13.Ne5 Nxe5 14.Bxe5 a4 15.Nf3 Nd7
16.Bd4 Bc5 17.Bxc5 Nxc5 18.cxd5 cxd5 19.b4 Nd7 20.Rac1 Qd6 21.Qc3 Rfd8 22.Bh3 Kf8
23.a3 Qb8 24.Qb2 Qd6 25.Qc3 Nb6 26.Qd4 Rac8 27.Ne5 f6 28.f4 Ke7 29.Nf3 Bg8
30.Qe3 d4 31.Qe4 Qd5 32.Qxd5 Rxd5 33.Rxc8 Nxc8 34.Rc1 Kd8 35.Nd2 Rd6 36.Bg2 Rd7
37.Kf2 Na7 38.Ke1 Rc7 39.Kd1 Nb5 40.Nc4 Ke7 41.Kd2 g5 42.fxg5 hxg5 43.h4 g4
44.h5 e5 45.h6 Bxc4 46.dxc4 Nd6 47.Bd5 Nf7 48.h7 Rc8 49.Rh1 Rh8 50.c5  1-0

[Event "Bundesliga 8788"]
[Site "Germany"]
[Date "1988.??.??"]
[Round "?"]
[White "Schmidt, Bodo"]
[Black "Breutigam, Martin"]
[Result "1-0"]
[WhiteElo "2325"]
[BlackElo "2320"]

1.Nf3 d5 2.g3 Nf6 3.Bg2 e6 4.O-O Be7 5.d3 c5 6.Nbd2 Nc6 7.e4 b6 8.Re1 Bb7
9.e5 Nd7 10.Nf1 Qc7 11.Bf4 h6 12.h4 O-O-O 13.Qd2 Rdg8 14.c4 d4 15.g4 g5 16.hxg5 hxg5
17.Bg3 Nf8 18.N1h2 Qd8 19.Kf1 Ng6 20.Ke2 Nf4+ 21.Bxf4 gxf4 22.Qxf4 f5 23.Rg1 fxg4
24.Nxg4 Rf8 25.Qg3 Rhg8 26.Qh3 Kb8 27.Bh1 Rh8 28.Nh6 Rf5 29.Rg6 Qf8 30.Rag1 Nxe5
31.Rg8 Nxf3 32.Bxf3 Bxf3+ 33.Ke1 Re5+ 34.Kd2 Bg5+ 35.R1xg5 Rxg5 36.Rxf8+ Rxf8
37.Qxe6 Rc8 38.Qf6 Rh5 39.Qxf3  1-0

[Event "BL2-N8788"]
[Site "Germany"]
[Date "1988.??.??"]
[Round "?"]
[White "Cording, Harm"]
[Black "Schirm, Friedmar"]
[Result "1/2-1/2"]
[WhiteElo "2310"]
[BlackElo "2275"]

1.g3 d5 2.Nf3 g6 3.Bg2 Bg7 4.O-O Nf6 5.c4 O-O 6.d4 dxc4 7.Na3 c3 8.bxc3 c5
9.Nc4 Nc6 10.e3 Be6 11.Nce5 Bd5 12.Nxc6 bxc6 13.Qa4 Ne4 14.Qa3 Qd6 15.Nd2 Nxd2
16.Bxd2 Bxg2 17.Kxg2 Qd5+ 18.Kg1 cxd4 19.cxd4 e5 20.Bb4 Rfc8 21.dxe5 c5 22.Bc3 Bxe5
23.Rfd1 Qe6 24.Bxe5 Qxe5 25.Rac1 Rc7 26.Rc4 Rb8 27.Qd3 Rb4 28.Rdc1 Rxc4 29.Qxc4 h5
30.h4 Rc6 31.Rd1 Rd6 32.Rc1 Rd5 33.e4 Rd2 34.Qxc5 Qxc5 35.Rxc5 Rxa2  1/2-1/2

[Event "Bundesliga 8788"]
[Site "Germany"]
[Date "1988.??.??"]
[Round "?"]
[White "Smejkal, Jan"]
[Black "Ostl, Andreas"]
[Result "1-0"]
[WhiteElo "2515"]
[BlackElo "2385"]

1.g3 d5 2.Nf3 Nf6 3.Bg2 e6 4.O-O Be7 5.c4 c6 6.d4 Nbd7 7.Qc2 O-O 8.b3 a5
9.Nbd2 a4 10.Bb2 a3 11.Bc3 b6 12.e4 Bb7 13.Rfe1 Qb8 14.e5 Ne8 15.cxd5 cxd5
16.Nf1 Nc7 17.Qd2 Na6 18.Ne3 Rc8 19.Bf1 Qc7 20.Rec1 Qd8 21.b4 Qf8 22.b5 Nc7
23.Rab1 Ne8 24.Rc2 Ra4 25.Bh3 Kh8 26.Ne1 g6 27.Nd3 Ng7 28.Bb4 Raa8 29.Rbc1 Rxc2
30.Rxc2 f6 31.Rc7 Bc8 32.exf6 Qxf6 33.Qc3 Bxb4 34.Rxc8+ Rxc8 35.Qxc8+ Bf8
36.Qxd7 Qxd4 37.Qd8 Kg8 38.Nf4 Qe5 39.Qxb6 Qa1+ 40.Kg2 Qxa2 41.Bxe6+ Nxe6
42.Qxe6+ Kg7 43.Qe5+ Kf7 44.Qe6+ Kg7 45.Qe8 Bb4 46.Ng4 d4 47.Ne6+ Qxe6 48.Qxe6 Bf8
49.Qf6+ Kg8 50.Qxd4  1-0

[Event "BL2-SW8788"]
[Site "Germany"]
[Date "1988.??.??"]
[Round "?"]
[White "Staller, Peter"]
[Black "Fromme, Ernst"]
[Result "1/2-1/2"]
[WhiteElo "2370"]
[BlackElo "2335"]

1.Nf3 d5 2.g3 g6 3.Bg2 Bg7 4.d4 Nf6 5.O-O O-O 6.Nbd2 c6 7.c3 Bf5 8.Nh4 Be6
9.e4 dxe4 10.Nxe4 Nbd7 11.f4 Bd5 12.Nxf6+ Nxf6 13.f5 Bxg2 14.Nxg2 Qd7 15.Qf3 Qxf5
16.Qxf5 gxf5 17.Rxf5 e6 18.Rf3 Nd5 19.Nf4 Nxf4 20.Bxf4 Rad8 21.Re1 Rd5 22.a3 Rfd8
23.Ref1 R8d7 24.Be3 a5 25.Kf2 a4 26.Re1 h6 27.g4 Kh7 28.Re2 b5 29.h3 Kg6
30.Rc2 e5 31.dxe5 Bxe5 32.Rf5 Bf6 33.Rxd5 Rxd5 34.c4 bxc4 35.Rxc4 Bxb2 36.Rxc6+ f6
37.Ra6 Bxa3 38.Rxa4 Bc5 39.Bxc5 Rxc5  1/2-1/2

[Event "BL2-SW8788"]
[Site "Germany"]
[Date "1988.??.??"]
[Round "?"]
[White "Schulze, Ulrich"]
[Black "Fromme, Ernst"]
[Result "1/2-1/2"]
[WhiteElo "2310"]
[BlackElo "2335"]

1.Nf3 d5 2.g3 g6 3.Bg2 Bg7 4.O-O e5 5.c4 c6 6.cxd5 cxd5 7.d4 e4 8.Ne1 Nc6
9.Nc2 Qb6 10.Nc3 Nge7 11.Be3 Qxb2 12.Qd2 Qb6 13.f3 exf3 14.Bxf3 Qd8 15.Bh6 O-O
16.Bxg7 Kxg7 17.Rab1 b6 18.Bg2 Bf5 19.e4 dxe4 20.Nxe4 Rc8 21.Rbd1 Nd5 22.Ne3 Nxe3
23.Qxe3 Qe7 24.d5 Na5 25.Qd4+ f6 26.Rc1 Bxe4 27.Bxe4 Nb7 28.Bg2 Qe5 29.Qd2 Qd6
30.Rfe1 Nc5 31.Re2 Rfe8 32.Rce1 Re5 33.Bf3 Rce8 34.Kg2 Nd7 35.Qb2 Rxe2+ 36.Rxe2 Rxe2+
37.Qxe2 Ne5 38.Be4 f5 39.Bf3 Kf6 40.Qb2 Qc5 41.h4 Qe3 42.Bd1 Qe4+ 43.Kh2 Qxd5
44.Qc1 Nf7 45.Bb3 Qe5 46.Qc6+ Nd6 47.Qc7 Qe2+ 48.Kh3 Ne4 49.Qf7+ Ke5 50.Qd5+ Kf6
51.Qf7+ Ke5  1/2-1/2

[Event "Bundesliga 8788"]
[Site "Germany"]
[Date "1988.??.??"]
[Round "?"]
[White "Wiemer, Ralf"]
[Black "Konieczka, Frank"]
[Result "1-0"]
[WhiteElo "2290"]
[BlackElo "2235"]

1.Nf3 d5 2.g3 Nf6 3.Bg2 e6 4.O-O Be7 5.d4 O-O 6.c4 Nbd7 7.Qc2 c5 8.cxd5 Nxd5
9.a3 cxd4 10.Nxd4 Qb6 11.Nf3 a5 12.e4 N5f6 13.Nc3 Nc5 14.e5 Ne8 15.Bg5 f6
16.exf6 gxf6 17.Be3 Bd7 18.Nd4 Ng7 19.Rad1 Rfd8 20.f4 Be8 21.f5 Kh8 22.fxe6 Ncxe6
23.Nd5 Qc5 24.Qf2 Bh5 25.Rc1 Qd6 26.Nxe6 Nxe6 27.Nxe7 Qxe7 28.Qxf6+ Qxf6
29.Rxf6 Nd4 30.Bxd4 Rxd4 31.Bxb7 Rb8 32.Rc8+ Rxc8 33.Bxc8 Bg6 34.Bb7 Rd2
35.Rf2  1-0

[Event "Schleswig Holstein-ch"]
[Site "Germany"]
[Date "1988.??.??"]
[Round "4"]
[White "Junge, Kai"]
[Black "Ehrke, Michael"]
[Result "1/2-1/2"]
[WhiteElo "2265"]
[BlackElo "2225"]

1.Nf3 d5 2.g3 c5 3.Bg2 Nc6 4.O-O e6 5.d3 Bd6 6.Nbd2 Nge7 7.e4 O-O 8.Nh4 Be5
9.f4 Bf6 10.Nhf3 g6 11.e5 Bg7 12.Re1 b5 13.Nf1 a5 14.Be3 Qb6 15.Bf2 b4 16.g4 f6
17.exf6 Rxf6 18.Qd2 Rf8 19.Ne5 Nxe5 20.fxe5 Bb7 21.h4 d4 22.Bxb7 Qxb7 23.Nh2 Qd5
24.Bg3 Nc6 25.Qe2 Rae8 26.g5 h5 27.gxh6 Bxh6 28.Ng4 Bg7 29.Qe4 Ne7 30.Bf4 Qxe4
31.Rxe4 Nf5 32.Bg5 Rc8 33.b3 a4 34.Nf6+ Bxf6 35.exf6 Kf7 36.Rae1 Rc6 37.Kg2 Re8
38.Kf3 Nd6 39.R4e2 Nb5 40.Rh2 Rh8 41.h5 Rxh5 42.Rxh5 gxh5 43.bxa4 Nd6 44.a3 bxa3
45.Ra1 Kg6 46.Bf4 Kxf6 47.Bxd6 Rxd6 48.Rxa3 Ke5 49.Ra1 Ra6 50.Rh1 Rxa4 51.Rxh5+ Kd6
52.Ke2 c4 53.dxc4 Rxc4 54.Kd3 Rc5 55.Rxc5 Kxc5 56.c3  1/2-1/2

[Event "Groningen op"]
[Site "Groningen"]
[Date "1988.??.??"]
[Round "?"]
[White "Hergott, Deen"]
[Black "Kirov, Nino"]
[Result "0-1"]
[WhiteElo "2320"]
[BlackElo "2470"]

1.Nf3 d5 2.g3 g6 3.Bg2 Bg7 4.c4 Nf6 5.cxd5 Nxd5 6.Nc3 c5 7.Nxd5 Qxd5 8.d3 Nc6
9.O-O Qd6 10.Nd2 b6 11.Nc4 Qd7 12.a4 O-O 13.a5 Rb8 14.axb6 axb6 15.Bf4 e5
16.Bd2 Rd8 17.Bc3 Qc7 18.f4 exf4 19.Bxg7 Kxg7 20.Rxf4 Nd4 21.Qd2 Re8 22.e3 Nf5
23.Raf1 Be6 24.Bh3 Bxc4 25.Bxf5 Be6 26.e4 Rb7 27.Qc3+ Kg8 28.Bxe6 Rxe6 29.Rf6 Rxf6
30.Rxf6 Ra7 31.Qb3 Ra6 32.Qd5 Ra1+ 33.Kg2 Rb1 34.Rf2 Rc1 35.b3 Ra1 36.Re2 Ra7
37.Rf2 Qd7 38.Qxd7 Rxd7 39.Rf6 b5 40.Rb6 b4 41.Rc6 Rxd3 42.Rxc5 Rxb3 43.Rb5 Kg7
44.h4 Kf6 45.g4 Rb2+ 46.Kg3 Rb1 47.g5+ Ke6 48.Kf4 Kd6 49.Rd5+ Ke6 50.Rb5 Kd6
51.Rd5+ Kc6 52.Ke5 Rf1 53.Rd8 Kb5 54.Rc8 b3 55.Kd6 Rf4 56.Ke5 Rf1 57.Kd6 Kb4
58.Rb8+ Kc3 59.Rc8+ Kd3 60.Rb8 Kc2 61.Rc8+ Kb1 62.Ke7 b2 63.e5 Rc1 64.Rb8 Rc7+
65.Kd6 Ra7  0-1

[Event "Groningen op"]
[Site "Groningen"]
[Date "1988.??.??"]
[Round "?"]
[White "Kirov, Nino"]
[Black "Van de Oudeweetering, Arthur"]
[Result "1-0"]
[WhiteElo "2470"]
[BlackElo "2310"]

1.Nf3 d5 2.g3 Nf6 3.Bg2 Bg4 4.c4 c6 5.Ne5 Bh5 6.cxd5 Nxd5 7.Qb3 Qc7 8.d4 e6
9.e4 Nf6 10.Nc3 Be7 11.h3 Bg6 12.Bf4 Qb6 13.Nc4 Qb4 14.O-O O-O 15.Rfe1 Nbd7
16.Qxb4 Bxb4 17.a3 Be7 18.Na5 Nb6 19.Nxb7 Nc4 20.Bf1 Nb6 21.b4 Rac8 22.Rac1 Nfd7
23.Na5 f6 24.Ba6  1-0

[Event "Groningen op"]
[Site "Groningen"]
[Date "1988.??.??"]
[Round "?"]
[White "Visser, Yge"]
[Black "Pliester, Leon"]
[Result "1/2-1/2"]
[WhiteElo "2295"]
[BlackElo "2390"]

1.Nf3 d5 2.g3 c6 3.Bg2 Bg4 4.d3 e6 5.Nbd2 Nd7 6.O-O Bd6 7.e4 Ne7 8.b3 O-O
9.Bb2 Qc7 10.Qe2 Ng6 11.h3 Bxf3 12.Nxf3 a5 13.h4 dxe4 14.dxe4 e5 15.h5 Ne7
16.Rad1 Rad8 17.Bh3 f6 18.Be6+ Kh8 19.a4 Nc5 20.Bc4 g5 21.hxg6 hxg6 22.Kg2 Kg7
23.Rh1 Rh8 24.Nh2 Ng8 25.Ng4 Nh6 26.Nxh6 Rxh6 27.Rxh6 Kxh6 28.f4 Kg7 29.f5 Rh8
30.Qg4 g5 31.Bc1 Be7 32.Be6 Nxe6 33.fxe6 Qb6 34.Rd7 Rh2+ 35.Kxh2 Qf2+ 36.Kh1 Qf1+
37.Kh2 Qf2+ 38.Kh1 Qf1+  1/2-1/2

[Event "Groningen op"]
[Site "Groningen"]
[Date "1988.??.??"]
[Round "?"]
[White "Dizdar, Goran"]
[Black "Velikov, Petar"]
[Result "1/2-1/2"]
[WhiteElo "2490"]
[BlackElo "2475"]

1.Nf3 d5 2.g3 c6 3.Bg2 Bg4 4.c4 e6 5.O-O Nd7 6.cxd5 exd5 7.d3 Ngf6 8.Nc3 Bc5
9.Qb3 Nb6 10.Bg5 h6 11.Bxf6 Qxf6 12.Rac1 Bd6 13.a4 Rb8 14.Nd2 O-O 15.e4  1/2-1/2

[Event "Hastings8899"]
[Site "Hastings"]
[Date "1988.??.??"]
[Round "?"]
[White "Larsen, Bent"]
[Black "Kosten, Anthony C"]
[Result "0-1"]
[WhiteElo "2560"]
[BlackElo "2515"]

1.g3 d5 2.Nf3 c6 3.Bg2 Bg4 4.c4 e6 5.O-O Bd6 6.Qb3 Qb6 7.Qc2 Ne7 8.Nc3 Nd7
9.d3 Nf5 10.e3 O-O 11.b3 Qc7 12.Bb2 Rfd8 13.Rac1 Rac8 14.d4 Be7 15.Ne1 Nf6
16.Nd3 Nd6 17.Ne5 Bf5 18.Qe2 Qb8 19.g4 Bg6 20.c5 Nde4 21.h4 h6 22.Nxg6 fxg6
23.Nxe4 Nxe4 24.g5 hxg5 25.Qg4 Rf8 26.Qxe6+ Rf7 27.Bxe4 dxe4 28.hxg5 Re8
29.f4 Bxg5 30.Qxg6 Bh6 31.Rc2 Qc8 32.Rg2 Re6 33.Qh5 Qd7 34.b4 Kf8 35.a4 Ref6
36.Rff2 Rf5 37.Qg6 R7f6 38.Qg4 Qd5 39.Rh2 Qb3 40.Rh3 Qxb4 41.d5 Rg5 42.Qxg5 Bxg5
43.d6 Bh4 44.Rg2 Kf7 45.d7 Rg6  0-1

[Event "Hastings op8889"]
[Site "Hastings"]
[Date "1988.??.??"]
[Round "?"]
[White "Hansen, Curt"]
[Black "Flear, Glenn C"]
[Result "0-1"]
[WhiteElo "2560"]
[BlackElo "2460"]

1.Nf3 d5 2.g3 Nf6 3.Bg2 Bf5 4.c4 e6 5.cxd5 exd5 6.O-O Be7 7.Nc3 O-O 8.d3 Na6
9.Bf4 c6 10.Qb1 Nc5 11.Nd4 Bc8 12.b4 Ne6 13.Nxe6 Bxe6 14.Rd1 d4 15.Ne4 Nd5
16.Bd2 b6 17.f4 f5 18.Ng5 Bxg5 19.fxg5 f4 20.Rf1 Qxg5 21.Qc1 Rac8 22.Bxf4 Nxf4
23.Rxf4 Rxf4 24.Qxf4 Qxf4 25.gxf4 c5 26.a3 b5 27.bxc5 Rxc5 28.Rb1 a5 29.Bb7 Bd7
30.Kf2 Rc3 31.Ba6 Rc5 32.Bb7 Kf8 33.Kf3 Rc3 34.Ba6 Bc6+ 35.Kf2 Rc5 36.Bc8 Ke7
37.f5 Be8 38.Rg1 Rxc8 39.Rxg7+ Bf7 40.Rxh7 b4  0-1

[Event "Hastings8899"]
[Site "Hastings"]
[Date "1988.??.??"]
[Round "?"]
[White "Larsen, Bent"]
[Black "Smyslov, Vassily"]
[Result "1/2-1/2"]
[WhiteElo "2560"]
[BlackElo "2550"]

1.g3 d5 2.Nf3 c6 3.Bg2 Bg4 4.b3 Nd7 5.Bb2 Ngf6 6.O-O g6 7.d3 Bg7 8.Nbd2 O-O
9.c4 Re8 10.d4 Bxf3 11.Nxf3 e6 12.Qc2 Ne4 13.Ne5 f5 14.e3 Nxe5 15.dxe5 Qe7
16.Rfd1 Rad8 17.f3 Ng5 18.c5 Qc7 19.f4 Ne4 20.Bxe4 fxe4 21.Bd4 g5 22.Qe2 Rf8
23.Kh1 Qf7 24.Rg1 Qg6 25.b4 g4 26.h4 a6 27.a4 Ra8 28.b5 axb5 29.axb5 h5 30.Rgb1 Rfc8
31.Rxa8 Rxa8 32.bxc6 bxc6 33.Rb7 Qe8 34.Qb2 Bf8 35.Qb6 Rc8 36.Ra7 Be7 37.f5 exf5
38.Qb7 Kf7 39.Qb1 Ke6 40.Qf1 Ra8 41.Rb7 Rb8 42.Rb6 Rxb6 43.cxb6 Qa8 44.Qb1 Qb7
45.Qa2 c5 46.Qa7 Qc6 47.b7 cxd4 48.b8=Q Qc1+  1/2-1/2

[Event "IND-ch"]
[Site "?"]
[Date "1988.??.??"]
[Round "?"]
[White "Pavanasam, Ananchaperumal"]
[Black "Ravi, Thandalam Shanmugam"]
[Result "0-1"]
[WhiteElo "2355"]
[BlackElo "2215"]

1.Nf3 d5 2.g3 Nf6 3.Bg2 c6 4.O-O Bg4 5.d3 Nbd7 6.Nbd2 e5 7.e4 Bd6 8.c3 O-O
9.Qc2 dxe4 10.dxe4 Nb6 11.a4 a5 12.Rd1 Qc7 13.h3 Be6 14.Ng5 Bd7 15.Nf1 h6
16.Nf3 Be6 17.Nh4 Rfd8 18.Nf5 Bf8 19.Rxd8 Rxd8 20.f4 exf4 21.Bxf4 Qd7 22.g4 Qd3
23.Qf2 Nc4 24.Re1 Nd7 25.Kh1 Nc5 26.Nd4 g5 27.Bc1 Bg7 28.Nxc6 bxc6 29.Qxc5 Qc2
30.Qxc6 Qf2 31.Qc7 Rd3 32.Re3 Nxe3 33.Bxe3 Rxe3 34.Nxe3 Qxe3 35.Qxa5 Qc1+
36.Kh2 Qxb2 37.e5 Qe2 38.Qa8+ Kh7 39.Qe4+ Qxe4 40.Bxe4+ Kg8 41.a5 Bxe5+ 42.Kg2  0-1

[Event "IND-ch"]
[Site "?"]
[Date "1988.??.??"]
[Round "?"]
[White "Ravisekhar, Raja"]
[Black "Barua, Dibyendu"]
[Result "0-1"]
[WhiteElo "2355"]
[BlackElo "2480"]

1.Nf3 d5 2.g3 Nf6 3.Bg2 c6 4.O-O Bg4 5.b3 Nbd7 6.Bb2 g6 7.h3 Bxf3 8.exf3 Bg7
9.f4 O-O 10.d3 Re8 11.Re1 Qb6 12.Qc1 Nh5 13.Bxg7 Nxg7 14.Nc3 Nf5 15.Qd2 a5
16.Kh2 e5 17.fxe5 Nxe5 18.Na4 Qa7 19.c3 d4 20.c4 Rad8 21.c5 Nd7 22.Rxe8+ Rxe8
23.Re1 Rxe1 24.Qxe1 Kf8 25.Qc1 Ng7 26.Qh6 Nxc5 27.Qxh7 Nce6 28.Qh8+ Ke7 29.Qc8 Nf5
30.Nb2 Nd6 31.Qh8 b5 32.Qe5 f6 33.Qe2 Qc5 34.h4 Qc1 35.Nd1 f5 36.f4 Ne8 37.Bf3 Nf6
38.Kg2 Nd7 39.Qb2 Qxb2+ 40.Nxb2 Kd6 41.Kf2 Nf6 42.Ke2 Nc7 43.Nd1 Ncd5 44.Kd2 Nb4
45.a3 Nbd5 46.Nf2 Ne3 47.Be2 c5 48.Nd1 Nxd1 49.Kxd1 Nh5 50.Bxh5 gxh5 51.Kc2 Kc6
52.Kc1 c4 53.b4 axb4 54.axb4  0-1

[Event "IND-ch"]
[Site "?"]
[Date "1988.??.??"]
[Round "?"]
[White "Ravisekhar, Raja"]
[Black "Katdare, Jayant C"]
[Result "1/2-1/2"]
[WhiteElo "2355"]
[BlackElo "2270"]

1.Nf3 d5 2.g3 Nf6 3.Bg2 g6 4.b4 Bg7 5.Bb2 O-O 6.O-O c6 7.d3 Qd6 8.a3 Nbd7
9.Nbd2 e5 10.c4 Re8 11.e4 h6 12.Re1 dxe4 13.dxe4 c5 14.b5 a6 15.Qc2 Nh7 16.Red1 Nhf8
17.Nf1 Qf6 18.Ne3 Ne6 19.Nd5 Qd8 20.a4 Nd4 21.Nxd4 exd4 22.f4 axb5 23.axb5 Rxa1
24.Rxa1 Nb6 25.Qb3 Be6 26.e5 f6 27.exf6 Bxd5 28.Bxd5+  1/2-1/2

[Event "IND-ch"]
[Site "?"]
[Date "1988.??.??"]
[Round "?"]
[White "Pavanasam, Ananchaperumal"]
[Black "Shantharam, KV."]
[Result "1/2-1/2"]
[WhiteElo "2355"]
[BlackElo "2245"]

1.Nf3 d5 2.g3 Nf6 3.Bg2 c6 4.O-O Bg4 5.c4 e6 6.d3 Nbd7 7.Qe1 Be7 8.Nbd2 O-O
9.h3 Bxf3 10.Nxf3 Re8 11.b3 a5 12.Bb2 Bb4 13.Qb1 Rc8 14.e4 dxe4 15.dxe4 e5
16.Rd1 Qc7 17.Nd2 Bc5 18.Qc2 Nf8 19.Nb1 Ne6 20.Nc3 Bd4 21.Rd2 Nd7 22.Rad1 Ndc5
23.Ne2 Bxb2 24.Qxb2 Rcd8 25.Rxd8 Rxd8 26.Rxd8+ Nxd8 27.Qd2 Nde6 28.f4  1/2-1/2

[Event "IND-ch"]
[Site "?"]
[Date "1988.??.??"]
[Round "?"]
[White "Sahu, Sekhar Chandra"]
[Black "Mohanty, Pabitra M"]
[Result "1/2-1/2"]
[WhiteElo "2325"]
[BlackElo "2350"]

1.Nf3 d5 2.g3 e6 3.Bg2 f5 4.O-O Nf6 5.d4 c6 6.b3 Be7 7.Ba3 Bxa3 8.Nxa3 O-O
9.Ne5 Qe7 10.Qc1 Nbd7 11.Nd3 e5 12.dxe5 Nxe5 13.Qb2 Ng6 14.c4 Bd7 15.Rad1 Rad8
16.cxd5 Nxd5 17.Nc4 f4 18.Nce5 Nxe5 19.Nxe5 Be6 20.Nd3 fxg3 21.hxg3  1/2-1/2